[Event "New England Masters"]
[Site "Peabody United States"]
[Date "2007.08.17"]
[Round "9"]
[White "Burnett, Ronald"]
[Black "Critelli, James"]
[Result "1/2-1/2"]
[WhiteElo "2373"]
[BlackElo "2262"]
[PlyCount "60"]
[EventDate "2007.08.13"]
[Source "MonRoi"]

1. Nf3 Nf6 2. d4 e6 3. c4 b6 4. Nc3 Bb4 5. Bg5 Bb7 6. Qc2 O-O 7. Nd2 c5 8. a3
Bxc3 9. bxc3 Qe7 10. e3 cxd4 11. cxd4 e5 12. Qf5 exd4 13. Bd3 Re8 14. O-O dxe3
15. Bxf6 Qxf6 16. Qxh7+ Kf8 17. fxe3 Qh6 18. Qf5 Qxe3+ 19. Rf2 Re7 20. Raf1 Ke8
21. Kh1 Kd8 22. Re2 Qc5 23. Qxc5 bxc5 24. Nb3 Bc6 25. Nxc5 Rxe2 26. Bxe2 Ke7
27. Bd3 f6 28. Rd1 a5 29. Bf5 Ra7 30. Kg1 Na6 1/2-1/2

[Event "New England Masters"]
[Site "Peabody United States"]
[Date "2007.08.17"]
[Round "9"]
[White "Perelshteyn, Eugene"]
[Black "Rensch, Daniel"]
[Result "1-0"]
[WhiteElo "2540"]
[BlackElo "2400"]
[PlyCount "57"]
[EventDate "2007.08.13"]
[Source "MonRoi"]

1. d4 Nf6 2. c4 e6 3. Nf3 d5 4. Nc3 Bb4 5. Bg5 h6 6. Bxf6 Qxf6 7. e3 O-O 8. Be2
dxc4 9. O-O c5 10. Ne4 Qe7 11. a3 cxd4 12. Qxd4 Ba5 13. Qxc4 a6 14. Rac1 Nc6
15. Qc5 Rd8 16. h3 Qxc5 17. Nxc5 Rd6 18. Rc2 Bb6 19. b4 a5 20. b5 Bxc5 21. Rxc5
Ne7 22. Rfc1 Bd7 23. Ne5 Be8 24. Rc7 Rd2 25. Bf3 Nd5 26. Rxb7 Ra2 27. Bxd5 exd5
28. Rcc7 Rxa3 29. Nxf7 1-0

[Event "New England Masters"]
[Site "Peabody United States"]
[Date "2007.08.17"]
[Round "9"]
[White "Liu, Elliot"]
[Black "Bick, John"]
[Result "1/2-1/2"]
[WhiteElo "2260"]
[BlackElo "2218"]
[PlyCount "28"]
[EventDate "2007.08.13"]
[Source "MonRoi"]

1. e4 e5 2. Nf3 Nf6 3. Nc3 Nc6 4. d4 exd4 5. Nxd4 Bb4 6. Nxc6 bxc6 7. Bd3 d5 8.
exd5 O-O 9. O-O cxd5 10. Bg5 c6 11. Na4 Bd6 12. c3 Re8 13. Bh4 h6 14. Bc2 Ba6
1/2-1/2

[Event "New England Masters"]
[Site "Peabody United States"]
[Date "2007.08.17"]
[Round "9"]
[White "MacIntyre, Paul"]
[Black "Belliard, Luis"]
[Result "1/2-1/2"]
[WhiteElo "2304"]
[BlackElo "2232"]
[PlyCount "22"]
[EventDate "2007.08.13"]
[Source "MonRoi"]

1. e4 c5 2. Nf3 d6 3. g3 Nc6 4. Bg2 Bg4 5. h3 Bxf3 6. Qxf3 e6 7. O-O Nf6 8. Na3
Be7 9. Qb3 Rb8 10. c3 O-O 11. Rd1 d5 1/2-1/2